Sports Quiz

Random Sports Quiz

1986 St. Louis Cardinals Quiz Stats

 Plays Quiz not verified by Sporcle

Challenge
Share
Tweet
Embed
Score 0/39 Timer 08:00
0 Plays Today
Number Player % Correct
1Ozzie Smith
99.3%
24Whitey Herzog
97.2%
51Willie McGee
95.1%
28Tom Herr
90.8%
22Jack Clark
89.4%
30John Tudor
88.7%
29Vince Coleman
88%
38Todd Worrell
82.4%
9Terry Pendleton
80.3%
31Bob Forsch
67.6%
5Jose Oquendo
67.6%
18Andy Van Slyke
66.2%
34Danny Cox
65.5%
21Tito Landrum
54.2%
46Ken Dayley
52.8%
12Tom Lawless
48.6%
10/11Mike LaValliere
47.2%
15Jim Lindeman
47.2%
27Curt Ford
46.5%
49Ricky Horton
39.4%
Number Player % Correct
32Jeff Lahti
38%
25Steve Lake
37.3%
53Greg Mathews
33.1%
11/33John Morris
31.7%
5Mike Heath
28.2%
35Mike Laga
28.2%
50Kurt Kepshire
24.6%
37Pat Perry
24.6%
39Tim Conroy
18.3%
25Jerry White
16.2%
13Clint Hurdle
15.5%
36Joe Boever
9.9%
23Alan Knicely
9.2%
47Ray Soff
8.5%
35Ray Burris
4.9%
40Rick Ownbey
4.2%
41Bill Earley
2.8%
43Greg Bargar
2.1%
5Fred Manrique
2.1%

You're not logged in!

Compare scores with friends on all Sporcle quizzes.
OR
Log In

You Might Also Like...

Show Comments

Extras

Top Quizzes Today


Score Distribution

Your Account Isn't Verified!

In order to create a playlist on Sporcle, you need to verify the email address you used during registration. Go to your Sporcle Settings to finish the process.

Report this User

Report this user for behavior that violates our Community Guidelines.

Details: